000 00290nam a22001337a 4500
008 190225b xxu||||| |||| 00| 0 eng d
020 _a0669108324
041 _aeng
080 _a339.138
100 _a60
101 _aMKT
245 _aMarketing Ethics
_cLaczniak, G.R
942 _2udc
_cBK
999 _c54190
_d54190